000 00708nam a2200253Ia 4500
003 OSt
005 20220918194432.0
006 a|||||r|||| 00| 0
007 ta
008 220917b |||||||| |||| 00| 0 eng d
024 _a79,435
037 _cTextual
040 _aARTS
_cARTS
_beng
041 _2eng
_aeng
082 _aS:4, K7
100 _aSmith Helen K ed
_984918
245 0 _aPerception and reading
260 _aNew York
_bInternational Reading Association
_c1967
300 _avii,135p.
_ccm.
490 _aProceedings of the Twelth Annual convention; 12, pt 4
650 _aTHEORY OF KNOWLEDGE
942 _hS:4, K7
_cTEXL
_2CC
999 _c203161
_d203161